| 000 | 00793nam a22002177a 4500 | ||
|---|---|---|---|
| 005 | 20110901122636.0 | ||
| 010 | _aG-001314 | ||
| 020 |
_a9788183872256 _c695.00 |
||
| 035 | _aG-001314 | ||
| 037 | _bGift | ||
| 082 | _a954.035092 | ||
| 100 |
_aRao, P.A. Ramachandra _935364 |
||
| 245 |
_aIslam versus Gandhi Mahatma / _cby P.A. Ramachandra Rao |
||
| 260 |
_aNew Delhi _bSerials Publications _c2009 |
||
| 270 |
_a4830/24, Prahlad Street, Ansari Road, Darya Ganj _bNew Delhi _e110002 |
||
| 300 |
_a228p. _c22cm (Hb) |
||
| 500 | _aIncludes index | ||
| 942 |
_2ddc _cEN _mRAO _h954.035092 |
||
| 999 |
_c56151 _d56151 |
||